LEADER 01352nam# 22002173i 450 001 SUN0089042 005 20120525120253.243 100 $a20120518d2006 |0itac50 ba 101 $aita$aITA 102 $aIT 105 $a|||| ||||| 200 0 $aˆ<<‰Manoscritti, editoria e biblioteche dal Medioevo all'età contemporanea$estudi offerti a Domenico Maffei per il suo ottantesimo compleanno>> 3.$fa cura di Mario Ascheri ... [et al.] 210 $aRoma$cRoma nel Rinascimento$d2006 215 $aP. 1020-1540$d24 cm. 461 1$1001SUN0089039$12001 $aManoscritti, editoria e biblioteche dal Medioevo all'età contemporanea$estudi offerti a Domenico Maffei per il suo ottantesimo compleanno$fa cura di Mario Ascheri, Gaetano Colli$gcon la collaborazione di Paola Maffei$gindici analitici di Andrea Bartocci$v3$1210 $aRoma$cRoma nel Rinascimento$d2006$1215 $a3 v.$d24 cm. 801 $aIT$bSOL$c20181109$gRICA 912 $aSUN0089042 950 $aUFFICIO DI BIBLIOTECA DEL DIPARTIMENTO DI LETTERE E BENI CULTURALI$d07 CONS Ta 82 III $e07 20377 995 $aUFFICIO DI BIBLIOTECA DEL DIPARTIMENTO DI LETTERE E BENI CULTURALI$bIT-CE0103$h20377$kCONS Ta 82 III$oc$qa 996 $aManoscritti, editoria e biblioteche dal medioevo all'età contemporanea$9722911 997 $aUNICAMPANIA LEADER 02668oam 2200625I 450 001 9910451018303321 005 20200520144314.0 010 $a1-135-35555-X 010 $a1-280-31387-0 010 $a9786610313877 010 $a0-203-40379-7 024 7 $a10.4324/9780203403792 035 $a(CKB)1000000000336761 035 $a(EBL)178944 035 $a(OCoLC)63787520 035 $a(SSID)ssj0000306301 035 $a(PQKBManifestationID)11274821 035 $a(PQKBTitleCode)TC0000306301 035 $a(PQKBWorkID)10297607 035 $a(PQKB)10363058 035 $a(MiAaPQ)EBC178944 035 $a(Au-PeEL)EBL178944 035 $a(CaPaEBR)ebr10163652 035 $a(CaONFJC)MIL31387 035 $a(OCoLC)826515099 035 $a(EXLCZ)991000000000336761 100 $a20180706d2005 uy 0 101 0 $aeng 135 $aur|n|---||||| 181 $ctxt 182 $cc 183 $acr 200 12$aA political and economic dictionary of Africa /$fDavid Seddon with Daniel Seddon-Daines 205 $a1st ed. 210 1$aLondon ;$aNew York :$cRoutledge,$d2005. 215 $a1 online resource (598 p.) 225 1 $aThe Europa political and economic dictionaries series 300 $aDescription based upon print version of record. 311 $a1-85743-213-4 327 $aA POLITICAL AND ECONOMIC DICTIONARY OF AFRICA; Copyright; Foreword; Acknowledgements; Abbreviations; Transcription of Arabic Names; A; B; C; D; E; F; G; H; I; J; K; L; M; N; O; P; Q; R; S; T; U; V; W; X; Y; Z 330 $aThis invaluable Dictionary provides an essential guide to the politics and economics of the African continent. Each individual entry provides clear and concise information, and entries are fully cross-referenced to enhance the book's usability. Organizations listed include contact details wherever possible.Key features* Provides authoritative up-to-date information on a region that is changing fast, and for which reliable data is often hard to locate* Each country's recent history and economy are described and analyzed in separate essays.< 410 0$aEuropa political and economic dictionaries series. 607 $aAfrica$xPolitics and government$vDictionaries 607 $aAfrica$xEconomic conditions$vDictionaries 607 $aAfrica$xEconomic policy$vDictionaries 608 $aElectronic books. 676 $a960.03 700 $aSeddon$b David.$0122998 701 $aSeddon-Daines$b Daniel$0949454 801 0$bFlBoTFG 801 1$bFlBoTFG 906 $aBOOK 912 $a9910451018303321 996 $aA political and economic dictionary of Africa$92145962 997 $aUNINA LEADER 03903nam 2200649 a 450 001 9910451850603321 005 20210528020237.0 010 $a1-281-73025-4 010 $a9786611730253 010 $a0-300-12944-0 024 7 $a10.12987/9780300129441 035 $a(CKB)1000000000471935 035 $a(StDuBDS)AH23049588 035 $a(SSID)ssj0000105900 035 $a(PQKBManifestationID)11133378 035 $a(PQKBTitleCode)TC0000105900 035 $a(PQKBWorkID)10106523 035 $a(PQKB)10533599 035 $a(MiAaPQ)EBC3420199 035 $a(DE-B1597)485146 035 $a(OCoLC)952620033 035 $a(DE-B1597)9780300129441 035 $a(Au-PeEL)EBL3420199 035 $a(CaPaEBR)ebr10170890 035 $a(CaONFJC)MIL173025 035 $a(OCoLC)923590653 035 $a(EXLCZ)991000000000471935 100 $a20010314d2001 uy 0 101 0 $aeng 135 $aur||||||||||| 181 $ctxt 182 $cc 183 $acr 200 14$aThe art of nonconversation$b[electronic resource] $ea reexamination of the validity of the oral proficiency interview /$fMarysia Johnson 210 $aNew Haven $cYale University Press$dc2001 215 $a1 online resource (256 p.) 300 $aBibliographic Level Mode of Issuance: Monograph 311 0 $a0-300-09002-1 320 $aIncludes bibliographical references (p. [213]-226) and index. 327 $tFront matter --$tContents --$tAcknowledgments --$tAbbreviations --$tChapter 1. Overview of the Book --$tChapter 2. The Genesis and Evolution of the OPI System --$tChapter 3. A Critical Appraisal of the OPI --$tChapter 4. Theoretical Bases for Investigating the OPI Speech Event --$tChapter 5. A Discourse Analysis Study of the OPI --$tChapter 6. Native Speakers' Perceptions of the OPI Speech Event --$tChapter 7. A Prototypical Model of the OPI Communicative Speech Event --$tChapter 8. Communicative Competence versus Interactional Competence --$tChapter 9. The Practical Oral Language Ability: The Application of Vygotsky's Sociocultural Theory to Language Testing --$tAppendixes --$tBibliography --$tIndex 330 $aThe Oral Proficiency Interview (OPI) is a widely accepted instrument for assessing second and foreign language ability. It is used by the Foreign Language Institute, the Defense Language Institute, Educational Testing Service, the American Council on the Teaching of Foreign Languages, and at many universities in the United States. The Art of Non-Conversation examines the components of speaking ability and asks whether the OPI is a valid instrument for assessing them. Marysia Johnson applies the latest insights from discourse and conversational analysis to determine the nature of the OPI's communicative speech event and investigate its construct validity within Messick's definition of validity. She discusses models of speaking ability-several communicative competence models, an interactional competence model, and a model of spoken interaction based on Vygotsky's sociocultural theory of learning. Finally she proposes a new model to test language proficiency drawn from sociocultural theory, one that considers language ability to be reflective of the sociocultural and institutional contexts in which the language has been acquired. 606 $aLanguage and languages$xAbility testing 606 $aOral communication$xAbility testing 606 $aCommunicative competence$xTesting 608 $aElectronic books. 615 0$aLanguage and languages$xAbility testing. 615 0$aOral communication$xAbility testing. 615 0$aCommunicative competence$xTesting. 676 $a418/.0076 700 $aJohnson$b Marysia$f1958-$01047321 801 0$bMiAaPQ 801 1$bMiAaPQ 801 2$bMiAaPQ 906 $aBOOK 912 $a9910451850603321 996 $aThe art of nonconversation$92474824 997 $aUNINA